00780cam a2200241 i 450000100060000000300080000600500170001400800410003102000280007203500190010004000320011904100080015108200200015910000360017924500730021526000660028830000270035450400510038165000260043265000160045865000470047465000170052131868BD-RjUL20211209051747.0140422s1975 inu b 001 0 eng  a0268005672.a0268005680 a(BD-RjUL)31956 aDLCcDLCdDLCdBD-RjULbeng aeng00a201.1bGRB 19751 aGrisez, Germain Gabriel,d1929-10aBeyond the new theism :ba philosophy of religion /cGermain Grisez. aNotre Dame [Ind.] :bUniversity of Notre Dame Press,cc 1975. axiii, 418 p. ;c24 cm. aIncludes bibliographical references and index. 0aReligionxPhilosophy. 0aGodxProof. 0aLanguage and languagesxReligious aspects. 0aApologetics.